000 00425nam a2200145Ia 4500
003 LK-CoDNM
008 010623t1918 xxu||||| |||| 00| 1 eng d
040 _aLK-CoDNM
_dLK-CoDNM
_eLK-CoDNM
041 _aeng
080 _a50
_bC16
245 _aThe Ceylon National Missionary Society : Fourth annual report Financial Statement 1917
260 _bCeylon National Missionary Society
_c1918
300 _b8P., 21 cm
942 _cBK
999 _c89420
_d89420